书目信息 |
| 题名: |
西方的丑学
|
|
| 作者: | 刘东 著 | |
| 分册: | ||
| 出版信息: | 北京 北京大学出版社 2007 |
|
| 页数: | 244页 | |
| 开本: | 23cm | |
| 丛书名: | ||
| 单 册: | ||
| 中图分类: | B83-091 , B83-0 | |
| 科图分类: | ||
| 主题词: | 美学思想--研究--西方国家 , 美学思想 , 美学 | |
| 电子资源: | ||
| ISBN: | 978-7-301-10359-3 | |
| 000 | 00934nam0 2200277 450 | |
| 001 | 1232550203 | |
| 005 | 20120928090455.37 | |
| 010 | @a978-7-301-10359-3@dCNY30.00 | |
| 100 | @a20060104d2007 em y0chiy50 ea | |
| 101 | 0 | @achi |
| 102 | @aCN@b110000 | |
| 105 | @aa z 000yy | |
| 106 | @ar | |
| 200 | 1 | @a西方的丑学@e感性的多元取向@f刘东著@Axi fang de chou xue |
| 210 | @a北京@c北京大学出版社@d2007 | |
| 215 | @a244页@c图@d23cm | |
| 330 | @a本书重新解读西方的感性学,作者以一系列的叩问开启了讨论,变“亦步亦趋的回顾”为一种“充满想象力的展望”,将西方人感性心理的演变过程层层揭开。 | |
| 517 | 1 | @a感性的多元取向@Agan xing de duo yuan qu xiang |
| 606 | 0 | @a美学思想@x研究@y西方国家 |
| 606 | 0 | @a美学思想 |
| 606 | 0 | @a美学 |
| 690 | @aB83-091@v4 | |
| 690 | @aB83-0@v4 | |
| 701 | 0 | @a刘东@c(比较文学)@4著@Aliu dong |
| 801 | 0 | @aCN@b大连网信软件有限公司图书馆·11@c20120928 |
| 905 | @a10447@dB83-0@eJY68 | |
| 西方的丑学:感性的多元取向/刘东著.-北京:北京大学出版社,2007 |
| 244页:图;23cm |
| ISBN 978-7-301-10359-3:CNY30.00 |
| 本书重新解读西方的感性学,作者以一系列的叩问开启了讨论,变“亦步亦趋的回顾”为一种“充满想象力的展望”,将西方人感性心理的演变过程层层揭开。 |
| ● |
| 相关链接 |
|
|
|
|
正题名:西方的丑学
索取号:B83-0/JY68
 
预约/预借
| 序号 | 登录号 | 条形码 | 馆藏地/架位号 | 状态 | 备注 |
| 1 | 7830074 | 278300740 | 学院路分馆/ [索取号:B83-0/JY68] | 在馆 | |
| 2 | 7830075 | 278300759 | 学院路分馆/ [索取号:B83-0/JY68] | 在馆 |